Самые крупные города и посёлки Кемеровской области - Statistics

General Stats
  • This quiz has been taken 161 times
  • The average score is 13 of 30
Answer Stats
место Город, посёлок Население % Correct
1 Кемерово 548 177
99%
2 Новокузнецк 544 583
84%
3 Прокопьевск 187 877
65%
8 Белово 70 611
65%
4 Междуреченск 96 088
58%
5 Ленинск-Кузнецкий 93 288
58%
7 Юрга 80 367
54%
6 Киселёвск 85 339
53%
9 Анжеро-Судженск 66 933
53%
13 Мариинск 37 786
49%
14 Топки 27 673
48%
16 Таштагол 22 647
47%
27 Яя 10 192
45%
17 Тайга 22 619
41%
15 Полысаево 25 638
40%
10 Берёзовский 44 932
39%
11 Осинники 41 274
39%
12 Мыски 40 549
39%
19 Гурьевск 19 670
39%
28 Шерегеш 9 741
39%
18 Калтан 20 193
36%
23 Яшкино 13 356
36%
20 Промышленная 17 265
32%
29 Тяжинский 9 569
20%
26 Краснобродский 11 218
19%
22 Бачатский 13 903
14%
25 Инской 12 009
14%
21 Новый Городок 14 661
13%
30 Малиновка 8 835
11%
24 Грамотеино 12 053
7%
No matching quizzes found
Score Distribution
Percent of People with Each Score
Percentile by Number Answered
Your Score History
You have not taken this quiz